书目信息 |
| 题名: |
数字图书档案技术
|
|
| 作者: | 王爱功 主编 | |
| 分册: | ||
| 出版信息: | 长春 时代文艺出版社 2006.05 |
|
| 页数: | 421页 | |
| 开本: | 20cm | |
| 丛书名: | ||
| 单 册: | ||
| 中图分类: | G250.76 | |
| 科图分类: | ||
| 主题词: | 图书馆学 , 图书馆事业 | |
| 电子资源: | ||
| ISBN: | 7-5387-2128-2 | |
| 000 | 00580nam0 2200205 450 | |
| 001 | 0854394188 | |
| 005 | 20080402150908.53 | |
| 010 | @a7-5387-2128-2@dCNY48.00 | |
| 100 | @a20080402d2006 km y0chiy0120 ea | |
| 101 | 0 | @achi |
| 102 | @aCN@b220000 | |
| 200 | 1 | @a数字图书档案技术@Ashu zi tu shu dang an ji shu@f王爱功等主编@Fwang ai gong deng zhu bian |
| 210 | @a长春@c时代文艺出版社@d2006.05 | |
| 215 | @a421页@d20cm | |
| 606 | 0 | @a图书馆学 |
| 606 | 0 | @a图书馆事业 |
| 690 | @aG250.76@v4 | |
| 701 | 0 | @a王爱功@Awang ai gong@4主编 |
| 801 | 0 | @aCN@c20080402 |
| 905 | @dG250.76@eW0921 | |
| 数字图书档案技术/王爱功等主编.-长春:时代文艺出版社,2006.05 |
| 421页;20cm |
| ISBN 7-5387-2128-2:CNY48.00 |
| ● |
| 相关链接 |
|
|
|
正题名:数字图书档案技术
索取号:G250.76/W0921
 
预约/预借
| 序号 | 登录号 | 条形码 | 馆藏地/架位号 | 状态 | 备注 |
| 1 | 450964 | 204509647 | 社科库409/409社科库 59排1列5层/ [索取号:G250.76/W0921] | 在馆 | |
| 2 | 466495 | 204664951 | 社科库409/409社科库 59排1列5层/ [索取号:G250.76/W0921] | 在馆 |